000 00903cam a22002054a 4500
005 20250605164227.0
008 250528s ||||||||||||||||||||||||d
035 _a20900
020 _a9789604681303
040 _aGR-AtMCL
_bgre
_dGR-AtMCL
_eAACR2
245 1 _aΟ Γίγαντας Άκαρδος / Οι Πρώτες μου ιστορίες
260 _c2015
300 _a80
520 _aΈνας πρίγκηπας, ένας αετός και ένα ψάρι. Πως θα μπορούσαν οι τρεις τους να κάνουν έναν άκαρδο γίγαντα...γίγαντα άκαρδο; Τι γίνεται όταν αποφασίσουν τα δύο μεγαλύτερα αδέρφια του πρίγκηπα...
700 1 _aΜιχάλη Σιδέρη
_96268
700 1 _aΣτρίγκου Γεωργία-Μαρία
_96889
942 _cBK
999 _c5979
_d5979